000 00521nam a2200205Ia 4500
003 GCL
008 140319s9999 xx 000 0 eng d
040 _aGCL /
_cGCL
082 0 4 _a428.001
_bP E
100 1 _aFAWCETT, JOHN
245 1 0 _aTHE EFFECTIVE TEACHING OF ENGLISH /
_cFAWCETT, JOHN
700 1 _aPROTHEROUGH, ROBERT
700 1 _aATKINSON, JOHN
260 _a[S.N] :
_bLONGMAN ،
_c1989
300 _a236 P
650 0 4 _aTEACHING
650 0 4 _aSTUDYING
650 0 4 _aENGLISH PHILOSOPHY
942 _2ddc
_cBK
999 _c24661
_d24661